वृक्ष माझे सोबती / (Record no. 52452)

MARC details
000 -LEADER
fixed length control field 01456nam a22003137a 4500
005 - DATE AND TIME OF LATEST TRANSACTION
control field 20080918163843.0
008 - FIXED-LENGTH DATA ELEMENTS--GENERAL INFORMATION
fixed length control field 080918t xxu||||| |||| 00| 0 mar d
010 ## - LCCN (DPL NO)
LC control number MAR-20840
020 ## - INTERNATIONAL STANDARD BOOK NUMBER
Terms of availability 130.00
International Standard Book Number 9788190563918
035 ## - SYSTEM CONTROL NUMBER
System control number MR-13498
037 ## - SOURCE OF ACQUISITION
Source of stock number/acquisition DBAD / PUB
040 ## - CATALOGING SOURCE
Original cataloging agency DPL
Language of cataloging MAR
082 ## - DEWEY DECIMAL CLASSIFICATION NUMBER
Classification number 891.4608
100 ## - MAIN ENTRY--PERSONAL NAME
9 (RLIN) 747
Personal name बोधे, व.बा.
245 ## - TITLE STATEMENT
Title वृक्ष माझे सोबती /
Statement of responsibility, etc व.बा. बोधे
246 ## - VARYING FORM OF TITLE
Title proper/short title Vriksha mazhe sobati
Remainder of title by V.B. Bodhe
260 ## - PUBLICATION, DISTRIBUTION, ETC. (IMPRINT)
Place of publication, distribution, etc पुणे
Name of publisher, distributor, etc अक्षरबंध प्रकाशन
Date of publication, distribution, etc 2008
270 ## - ADDRESS
Address किरण वसंतराय बोधे 'रविकिरणਟ, नीरा, ता. पुरंदर
City पुणे
Postal code 412102
Telephone number (02115) 242042
300 ## - PHYSICAL DESCRIPTION
Extent 147पृ.
Dimensions 22सेमी (अजिल्द)
650 ## - SUBJECT ADDED ENTRY--TOPICAL TERM
9 (RLIN) 697
650 ## - SUBJECT ADDED ENTRY--TOPICAL TERM
9 (RLIN) 698
700 ## - ADDED ENTRY--PERSONAL NAME
9 (RLIN) 27881
700 ## - ADDED ENTRY--PERSONAL NAME
9 (RLIN) 27882
700 ## - ADDED ENTRY--PERSONAL NAME
9 (RLIN) 27883
942 ## - ADDED ENTRY ELEMENTS (KOHA)
Source of classification or shelving scheme Dewey Decimal Classification
Item type Hindi Books
Call number suffix बोधेव
Classification part 811.092
Holdings
Withdrawn status Lost status Source of classification or shelving scheme Damaged status Not for loan Collection code Home library Current library Date acquired Source of acquisition Cost, normal purchase price Total Checkouts Full call number Barcode Date last seen Copy number Cost, replacement price Koha item type
    Dewey Decimal Classification   Not For Loan Non-fiction D.B.Act.Division D.B.Act.Division 13/05/2011 DBAD /PUB 130.00   811.092 बोधेव MR-13498 13/05/2011 1 130.00 Hindi Books

© Delhi Public Library
Hit Counter
free hit counter